000 00557nam a2200181Ia 4500
008 090123s9999 xx 000 0 und d
082 _b6361
100 _aपरांजपे अशोक
245 _aरक्ताची तहान
250 _a1
260 _bडिव्हाईन प्रकाशन
300 _a189
600 _aपरांजपे अशोक
630 _aरक्ताची तहान
700 _aपरांजपे अशोक
730 _aरक्ताची तहान
942 _cBOOK
999 _c44426
_d44426